[Event "I Festival ASDEC A"]
[Site "Messina ITA"]
[Date "2011.08.28"]
[Round "1"]
[White "Arito, Luigi"]
[Black "Pinton, Maurizio"]
[WhiteElo "1883"]
[BlackElo "2016"]
[Result "0-1"]
[PlyCount "122"]
[EventDate "2011.08.28"]

1. d4 e6 2. c4 f5 3. Nc3 Nf6 4. Bg5 Be7 5. g3 O-O 6. Bg2 d6 7. Nf3 Nbd7 8. O-O
e5 9. dxe5 dxe5 10. Qc2 Ng4 11. Bxe7 Qxe7 12. Nd5 Qd8 13. Rad1 c6 14. Nc3 Qe7
15. h3 Nh6 16. Qd2 f4 17. Qd6 Qxd6 18. Rxd6 fxg3 19. fxg3 Nf5 20. Re6 Nxg3 21.
Rf2 Nb6 22. Rxe5 Nxc4 23. Rg5 Nf5 24. e4 Nfe3 25. b3 Nxg2 26. Kxg2 Nd6 27. h4
Nf7 28. Rg3 Be6 29. Nd4 Bd7 30. b4 Rae8 31. Nf5 Bxf5 32. Rxf5 Nd6 33. Rxf8+
Rxf8 34. Rd3 Rd8 35. Kf3 Nf7 36. Rxd8+ Nxd8 37. Kf4 Kf7 38. Nd1 g6 39. Ne3 Ke6
40. Nc4 b6 41. Ne5 c5 42. b5 Kd6 43. Nc4+ Ke6 44. Ne5 Kd6 45. Nc4+ Ke7 46. Ne5
Ne6+ 47. Ke3 Nd4 48. a4 Ke6 49. Nc4 h6 50. Kf4 Ne2+ 51. Ke3 Nc3 52. Nb2 g5 53.
hxg5 hxg5 54. Kd3 Na2 55. Nc4 Nc1+ 56. Ke3 Nb3 57. Kf3 Na5 58. Nd2 c4 59. Nb1
Ke5 60. Nc3 Nb3 61. Ne2 Nd2+ 0-1

[Event "I Festival ASDEC A"]
[Site "Messina ITA"]
[Date "2011.08.28"]
[Round "1"]
[White "Bonanzinga, Corrado"]
[Black "Carbone, Stefano"]
[WhiteElo "2136"]
[BlackElo "1911"]
[Result "0-1"]
[PlyCount "72"]
[EventDate "2011.08.28"]

1. d4 d5 2. c4 c6 3. Nc3 Nf6 4. Nf3 dxc4 5. a4 Bf5 6. Ne5 e6 7. Nxc4 Nbd7 8. g3
Nb6 9. Ne5 Bb4 10. Bg2 Ne4 11. O-O Nxc3 12. bxc3 Bxc3 13. Ba3 Bxa1 14. Qxa1 f6
15. e4 fxe5 16. exf5 Qxd4 17. Bb2 Qxa4 18. Bxe5 Qxa1 19. Rxa1 exf5 20. Bxg7 Rg8
21. Bd4 Kf7 22. Bh3 Kg6 23. Bf1 Rgd8 24. Be3 Nd7 25. Bd2 a6 26. h4 Nf6 27. Be3
Rd7 28. Ra5 Rd5 29. Ra4 Re8 30. Bb6 Re1 31. Kg2 Ng4 32. Rf4 Rdd1 33. Bc4 Ne5
34. h5+ Kg7 35. f3 Rd2+ 36. Bf2 Nxc4 0-1

[Event "I Festival ASDEC A"]
[Site "Messina ITA"]
[Date "2011.08.28"]
[Round "1"]
[White "Cattafi, Giuseppe"]
[Black "Arico', Maurizio"]
[WhiteElo "2015"]
[BlackElo "1847"]
[Result "1/2-1/2"]
[PlyCount "40"]
[EventDate "2011.08.28"]

1. d4 e6 2. Nf3 Nf6 3. Bf4 b6 4. e3 Bb7 5. h3 c5 6. c3 Be7 7. Nbd2 O-O 8. Bd3
cxd4 9. exd4 d6 10. O-O Nbd7 11. Nc4 Qc7 12. a4 a5 13. Na3 Bc6 14. Re1 Qb7 15.
Bb5 Bxf3 16. Qxf3 Qxf3 17. gxf3 d5 18. Bc6 Rad8 19. Nb5 Nb8 20. Bb7 Rd7 1/2-1/2

[Event "I Festival ASDEC A"]
[Site "Messina ITA"]
[Date "2011.08.28"]
[Round "1"]
[White "Levin, Felix"]
[Black "Trimarchi, Giuseppe"]
[WhiteElo "2475"]
[BlackElo "1923"]
[Result "1-0"]
[PlyCount "69"]
[EventDate "2011.08.28"]

1. d4 d5 2. c4 c6 3. Nf3 Nf6 4. Qc2 g6 5. Bf4 Bg7 6. e3 Qa5+ 7. Nc3 Bf5 8. Qb3
Qb6 9. c5 Qxb3 10. axb3 a6 11. b4 Nbd7 12. b5 cxb5 13. Bxb5 O-O 14. Be2 h6 15.
h3 g5 16. Bh2 Be4 17. O-O Rfe8 18. b4 g4 19. Ne5 gxh3 20. gxh3 Bf5 21. Kg2 Red8
22. c6 bxc6 23. Nxc6 Re8 24. Rxa6 Rxa6 25. Bxa6 Bf8 26. Bc7 Ra8 27. b5 e6 28.
Na4 Ne4 29. Ne5 Nxe5 30. dxe5 Nc5 31. Nxc5 Bxc5 32. Rc1 Ba7 33. Bb7 Rf8 34. b6
Bb8 35. Bxb8 1-0

[Event "I Festival ASDEC A"]
[Site "Messina ITA"]
[Date "2011.08.28"]
[Round "1"]
[White "Pisacane, Pietro"]
[Black "Ferrigno, Vincenzo"]
[WhiteElo "1948"]
[BlackElo "1789"]
[Result "1/2-1/2"]
[PlyCount "117"]
[EventDate "2011.08.28"]

1. d4 Nf6 2. c4 e6 3. Nf3 b6 4. Qc2 Bb7 5. Nbd2 Bb4 6. a3 Be4 7. Qb3 Ba5 8. Qe3
Bxd2+ 9. Nxd2 Bb7 10. Qd3 c5 11. e4 cxd4 12. e5 Ng4 13. Qxd4 f5 14. Nf3 Bxf3
15. gxf3 Nc6 16. Qc3 Ngxe5 17. f4 Ng4 18. Qxg7 Qf6 19. Qxf6 Nxf6 20. Be3 Rg8
21. Be2 Ng4 22. Rg1 Kf7 23. O-O-O Ke7 24. Bxg4 Rxg4 25. Rxg4 fxg4 26. c5 bxc5
27. Bxc5+ Ke8 28. Rg1 h5 29. f3 Rc8 30. Kd1 Ne5 31. Bxa7 Nxf3 32. Rg2 Rc4 33.
Bb8 Rd4+ 34. Kc1 Ne1 35. Rg1 Nd3+ 36. Kd2 Nxb2+ 37. Kc3 Rd1 38. Rxd1 Nxd1+ 39.
Kd4 Nf2 40. Bd6 Kd8 41. Ke3 Nh3 42. Kd4 Kc8 43. Ke5 Kb7 44. Be7 Nxf4 45. Kd6
Kc8 46. a4 Nd5 47. Bh4 Nc7 48. a5 Nb5+ 49. Kc5 Na7 50. a6 Kb8 51. Bg3+ Ka8 52.
Kd6 Nc6 53. Kxd7 Nd4 54. Be5 Nf3 55. Kxe6 h4 56. Bd6 Nxh2 57. Kf5 g3 58. Kg5
Nf3+ 59. Kg4 1/2-1/2

[Event "I Festival ASDEC A"]
[Site "Messina ITA"]
[Date "2011.08.28"]
[Round "1"]
[White "Scattareggia, Domenico"]
[Black "Signorelli, Gaetano"]
[WhiteElo "2018"]
[BlackElo "1897"]
[Result "1-0"]
[PlyCount "89"]
[EventDate "2011.08.28"]

1. e4 c5 2. Nf3 d6 3. c4 Bg4 4. Be2 Nc6 5. O-O Nf6 6. Nc3 e6 7. d3 Be7 8. Bf4
O-O 9. a4 a6 10. b3 Qb6 11. Rb1 Rfd8 12. Qc1 Nb4 13. Re1 Bxf3 14. gxf3 Nd7 15.
Bg3 Bf6 16. f4 Qc7 17. Bf1 Bd4 18. Qd2 f6 19. Ne2 Nc6 20. Bh3 Kf7 21. Nc3 Bxc3
22. Qxc3 Nd4 23. Re3 a5 24. Qc1 Nb8 25. Qd1 g6 26. Qg4 Nbc6 27. Kh1 Qe7 28. Qh4
Rh8 29. Qh6 Qc7 30. Rg1 Rag8 31. Rb1 Nb4 32. e5 dxe5 33. fxe5 f5 34. Bh4 Nbc2
35. Qg5 Nxe3 36. fxe3 Nc6 37. Qf6+ Ke8 38. Qxe6+ Ne7 39. Bf6 Qc6+ 40. Qxc6+
Nxc6 41. Bg2 Nd8 42. d4 b6 43. dxc5 bxc5 44. Rd1 Rf8 45. Rxd8+ 1-0

[Event "I Festival ASDEC A"]
[Site "Messina ITA"]
[Date "2011.08.28"]
[Round "1"]
[White "Schiappoli, Dario"]
[Black "Epishin, Vladimir V."]
[WhiteElo "1929"]
[BlackElo "2553"]
[Result "0-1"]
[PlyCount "40"]
[EventDate "2011.08.28"]

1. e4 c5 2. Nf3 d6 3. d4 Nf6 4. Nc3 cxd4 5. Nxd4 Nc6 6. Bc4 Qb6 7. Nxc6 bxc6 8.
Be3 Qxb2 9. Bd4 Qb4 10. Qd3 e5 11. Rb1 Qa5 12. Be3 Be7 13. O-O O-O 14. Bd2 Qc7
15. f4 Rb8 16. f5 Rxb1 17. Rxb1 d5 18. exd5 Rd8 19. Qf3 cxd5 20. Nxd5 Nxd5 0-1

[Event "I Festival ASDEC A"]
[Site "Messina ITA"]
[Date "2011.08.28"]
[Round "1"]
[White "Spina, Simonpietro"]
[Black "Panarello, Giuseppe"]
[WhiteElo "1805"]
[BlackElo "1990"]
[Result "0-1"]
[PlyCount "84"]
[EventDate "2011.08.28"]

1. c4 Nf6 2. Nc3 c5 3. g3 Nc6 4. Bg2 b6 5. a3 e6 6. Rb1 Rb8 7. d3 Bb7 8. Bf4 d6
9. b4 cxb4 10. axb4 Qd7 11. b5 Na5 12. Bxb7 Qxb7 13. e4 Rc8 14. Bg5 Be7 15.
Bxf6 Bxf6 16. Nge2 O-O 17. O-O Qc7 18. Qd2 Qc5 19. Qe3 Qh5 20. f4 Rfe8 21. Qf3
Qc5+ 22. Qf2 Qa3 23. Ra1 Qb3 24. Qe1 Rc7 25. Ra4 Qb2 26. Rf2 g6 27. e5 dxe5 28.
Nc1 Qxf2+ 29. Qxf2 exf4 30. Qxf4 Bd8 31. Ne4 Kg7 32. Ne2 e5 33. Qd2 f5 34. Qc3
fxe4 35. dxe4 Be7 36. Qc2 Bc5+ 37. Kg2 Rf7 38. Qd3 Rf2+ 39. Kh3 Ref8 40. Qd7+
R8f7 41. Qd3 g5 42. Ra2 h5 0-1

[Event "I Festival ASDEC A"]
[Site "Messina ITA"]
[Date "2011.08.28"]
[Round "1"]
[White "Tondo, Salvatore"]
[Black "Drasko, Milan"]
[WhiteElo "1920"]
[BlackElo "2469"]
[Result "0-1"]
[PlyCount "94"]
[EventDate "2011.08.28"]

1. e4 e6 2. d4 d5 3. e5 c5 4. c3 Nc6 5. Nf3 Bd7 6. Bd3 cxd4 7. cxd4 Qb6 8. O-O
Nxd4 9. Nbd2 Ne7 10. Nxd4 Qxd4 11. Nf3 Qa4 12. Qe2 Nc6 13. b3 Qa5 14. Bd2 Bb4
15. a3 Bxd2 16. Nxd2 Qc3 17. Nf3 Nd4 18. Nxd4 Qxd4 19. Rfd1 Qh4 20. Rac1 O-O
21. g3 Qd8 22. Qh5 h6 23. Bb1 f5 24. exf6 Qxf6 25. Qe2 Rac8 26. f4 Rc3 27. Rxc3
Qxc3 28. Qd3 Qxd3 29. Bxd3 Rc8 30. Rd2 Rc3 31. Bc2 Kf7 32. Kf2 g5 33. Bd1 gxf4
34. gxf4 Kf6 35. Rd4 Be8 36. Rb4 b6 37. a4 Bg6 38. a5 bxa5 39. Rb5 Rc1 40. Be2
Rc2 41. Ke1 Ra2 42. Rb7 a4 43. b4 Rb2 44. b5 a3 45. Rxa7 a2 46. Bd1 d4 47. b6
Be4 0-1

[Event "I Festival ASDEC A"]
[Site "Messina ITA"]
[Date "2011.08.28"]
[Round "1"]
[White "Tricomi, Massimo"]
[Black "Gangemi, Salvatore"]
[WhiteElo "1900"]
[BlackElo "2065"]
[Result "0-1"]
[PlyCount "92"]
[EventDate "2011.08.28"]

1. b3 d5 2. Bb2 Bg4 3. Nf3 Bxf3 4. exf3 c6 5. d4 Nf6 6. Bd3 e6 7. Nd2 Bd6 8. a4
Qa5 9. Ba3 Bb4 10. Qc1 Bc3 11. Bb2 Qb4 12. Ba3 Qxd4 13. Rb1 Bb4 14. Bxb4 Qxb4
15. O-O O-O 16. c3 Qd6 17. Rd1 Qc7 18. Nf1 Nbd7 19. Qg5 Qe5 20. Qxe5 Nxe5 21.
Be2 c5 22. Ne3 a5 23. Nc2 Nc6 24. Bb5 Rfd8 25. Rd2 g6 26. Re1 Rab8 27. Re3 Na7
28. Na3 Ne8 29. Bxe8 Rxe8 30. g3 Rec8 31. f4 b5 32. axb5 Nxb5 33. Nxb5 Rxb5 34.
Ra2 c4 35. bxc4 Rxc4 36. Kf1 a4 37. Ke2 Kg7 38. Kd2 h5 39. Re1 Rb3 40. Rea1
Rbxc3 41. Rxa4 Rc2+ 42. Ke1 Kf6 43. Ra7 Re4+ 44. Kf1 Ree2 45. Rd7 Rxf2+ 46. Kg1
Rg2+ 0-1

[Event "I Festival ASDEC A"]
[Site "Messina ITA"]
[Date "2011.08.29"]
[Round "2"]
[White "Arico', Maurizio"]
[Black "Familari, Giuseppe"]
[WhiteElo "1847"]
[BlackElo "1985"]
[Result "1/2-1/2"]
[PlyCount "107"]
[EventDate "2011.08.28"]

1. e4 c5 2. c3 e6 3. d4 d5 4. exd5 Qxd5 5. Nf3 Nc6 6. Na3 Nf6 7. Nb5 Qd8 8.
dxc5 Bxc5 9. Qxd8+ Kxd8 10. Bg5 a6 11. Rd1+ Ke7 12. Nbd4 Nxd4 13. Nxd4 h6 14.
Be3 Ba7 15. Be2 e5 16. Nc2 Bxe3 17. Nxe3 Be6 18. Bc4 b5 19. Bxe6 Kxe6 20. O-O
Rhd8 21. Rxd8 Rxd8 22. Rd1 Rxd1+ 23. Nxd1 Kf5 24. Kf1 Nd5 25. Ke1 Ke4 26. Kd2
f5 27. f3+ Kf4 28. Ke2 e4 29. g3+ Ke5 30. fxe4 Kxe4 31. Nf2+ Ke5 32. Nd3+ Kd6
33. h4 g5 34. Kf3 a5 35. hxg5 hxg5 36. g4 fxg4+ 37. Kxg4 a4 38. a3 Ne3+ 39.
Kxg5 Kd5 40. Kf4 Nd1 41. Kf3 Kc4 42. Ke2 Nxb2 43. Nxb2+ Kxc3 44. Nxa4+ bxa4 45.
Kd1 Kb2 46. Kd2 Kb3 47. Kc1 Ka2 48. Kc2 Kxa3 49. Kb1 Kb4 50. Kb2 a3+ 51. Kb1
Kb3 52. Ka1 Kc3 53. Ka2 Kb4 54. Kb1 1/2-1/2

[Event "I Festival ASDEC A"]
[Site "Messina ITA"]
[Date "2011.08.29"]
[Round "2"]
[White "Bonanzinga, Corrado"]
[Black "Tondo, Salvatore"]
[WhiteElo "2136"]
[BlackElo "1920"]
[Result "0-1"]
[PlyCount "78"]
[EventDate "2011.08.28"]

1. d4 Nf6 2. c4 c5 3. d5 Ne4 4. f3 Qa5+ 5. Nd2 Nd6 6. e4 g6 7. a4 Bg7 8. Bd3
Na6 9. Ra3 Nb4 10. Kf1 Nxd3 11. Rxd3 O-O 12. g3 a6 13. f4 b5 14. axb5 axb5 15.
Ra3 Qb4 16. Rxa8 Nxc4 17. Ngf3 Ne3+ 18. Ke2 Nxd1 19. Rxd1 d6 20. Ra3 c4 21. e5
f5 22. Nd4 dxe5 23. Nc6 Qc5 24. Nf3 e4 25. Nfe5 g5 26. d6 Bxe5 27. Nxe7+ Kf7
28. Be3 Qb4 29. Ra7 Ke6 30. fxe5 Bd7 31. Nc6 Qxb2+ 32. Kf1 f4 33. Nd4+ Kxe5 34.
gxf4+ gxf4 35. Bg1 Bh3+ 36. Ke1 Qc3+ 37. Rd2 e3 38. Re7+ Kf6 39. Re6+ Kg7 0-1

[Event "I Festival ASDEC A"]
[Site "Messina ITA"]
[Date "2011.08.29"]
[Round "2"]
[White "Drasko, Milan"]
[Black "Panarello, Giuseppe"]
[WhiteElo "2469"]
[BlackElo "1990"]
[Result "1-0"]
[PlyCount "103"]
[EventDate "2011.08.28"]

1. Nf3 Nf6 2. g3 g6 3. Bg2 Bg7 4. O-O O-O 5. d4 d6 6. c4 c5 7. d5 Na6 8. Nc3
Nc7 9. a4 b6 10. e4 a6 11. Re1 Ng4 12. Qe2 Rb8 13. h3 Ne5 14. Nd2 f6 15. f4 Nf7
16. Nf3 Bd7 17. Bd2 Qc8 18. Kh2 b5 19. b3 bxa4 20. bxa4 Qb7 21. a5 Qa7 22. Nd1
Rb3 23. Bc3 e5 24. Nd2 Rb7 25. Rf1 Qb8 26. Nf2 Qd8 27. Rab1 Qb8 28. Rxb7 Qxb7
29. Nd3 Rb8 30. Qd1 Qc8 31. Qc2 Rb7 32. Ra1 Qe8 33. Re1 Ba4 34. Qa2 Bd7 35. Bf3
Nh6 36. Rb1 Qb8 37. Rxb7 Qxb7 38. Bd1 Kf7 39. Ba4 Ke7 40. Bxd7 Kxd7 41. Nb3 Bf8
42. fxe5 fxe5 43. Bxe5 Kd8 44. Bf6+ Kc8 45. Qa4 Ng8 46. Bc3 Nb5 47. cxb5 axb5
48. a6 Qb8 49. Qa5 c4 50. a7 Qa8 51. Nd4 cxd3 52. Nxb5 1-0

[Event "I Festival ASDEC A"]
[Site "Messina ITA"]
[Date "2011.08.29"]
[Round "2"]
[White "Epishin, Vladimir V."]
[Black "Scattareggia, Domenico"]
[WhiteElo "2553"]
[BlackElo "2018"]
[Result "1-0"]
[PlyCount "80"]
[EventDate "2011.08.28"]

1. d4 d5 2. c4 e6 3. Nc3 Nf6 4. cxd5 exd5 5. Bg5 Be7 6. e3 O-O 7. Bd3 Be6 8.
Nge2 Nbd7 9. O-O c5 10. dxc5 Nxc5 11. Rc1 Nxd3 12. Qxd3 Qa5 13. Nd4 a6 14. Rfd1
Rac8 15. h3 Rfd8 16. Nf5 Bxf5 17. Qxf5 Rc5 18. Bxf6 Bxf6 19. Ne4 Rxc1 20. Nxf6+
gxf6 21. Rxc1 Qb6 22. Qg4+ Kf8 23. b3 Qd6 24. Rd1 Qe5 25. Rd4 Ke7 26. g3 h5 27.
Qf3 Ke6 28. Kg2 Rc8 29. Qd1 b5 30. Qd3 f5 31. a4 Rc5 32. h4 Qc7 33. axb5 axb5
34. Qe2 Qc6 35. Qxh5 Rc3 36. Qh6+ f6 37. Qg6 Rxb3 38. h5 Rb1 39. Qg8+ Ke7 40.
Qxd5 Qxd5+ 1-0

[Event "I Festival ASDEC A"]
[Site "Messina ITA"]
[Date "2011.08.29"]
[Round "2"]
[White "Ferrigno, Vincenzo"]
[Black "Cattafi, Giuseppe"]
[WhiteElo "1789"]
[BlackElo "2015"]
[Result "0-1"]
[PlyCount "120"]
[EventDate "2011.08.28"]

1. e4 e6 2. d4 d5 3. Nd2 c5 4. Ngf3 Nc6 5. c3 Qb6 6. exd5 exd5 7. Qe2+ Be7 8.
dxc5 Qxc5 9. Nb3 Qd6 10. g3 Nf6 11. Nbd4 O-O 12. Bf4 Qc5 13. O-O-O Ne4 14. Kb1
Bf6 15. Be3 Bg4 16. Nb5 Qe7 17. h3 Bf5 18. Ka1 Rfd8 19. g4 a6 20. Nbd4 Nxd4 21.
Nxd4 Bg6 22. Rg1 Rac8 23. Rc1 Rc4 24. f3 Nd6 25. g5 Bxd4 26. Bxd4 Qd7 27. Qe5
Rxd4 28. Qxd4 Qf5 29. f4 Re8 30. Bg2 Nb5 31. Qxd5 Qxf4 32. Qd7 Qe3 33. a4 Re7
34. Qd8+ Re8 35. Rge1 Qxc1+ 36. Rxc1 Rxd8 37. axb5 axb5 38. Bxb7 Rd7 39. Re1 h6
40. Be4 Re7 41. gxh6 gxh6 42. b4 Rxe4 43. Rh1 Re2 44. Rg1 Rh2 45. Rg3 Kf8 46.
Re3 Bf5 47. Re5 Bd7 48. Rd5 Ke7 49. Re5+ Kd6 50. Re4 Rxh3 51. Rd4+ Ke7 52. Re4+
Kd8 53. Rd4 Rxc3 54. Rh4 Rh3 55. Rd4 h5 56. Rd1 Rh2 57. Re1 h4 58. Rg1 h3 59.
Rg8+ Ke7 60. Rh8 Rg2 0-1

[Event "I Festival ASDEC A"]
[Site "Messina ITA"]
[Date "2011.08.29"]
[Round "2"]
[White "Naumkin, Igor"]
[Black "Pisacane, Pietro"]
[WhiteElo "2486"]
[BlackElo "1948"]
[Result "1-0"]
[PlyCount "81"]
[EventDate "2011.08.28"]

1. d4 Nf6 2. c4 g6 3. Nc3 Bg7 4. e4 d6 5. Nf3 O-O 6. Be2 e5 7. O-O Na6 8. Re1
c6 9. Be3 Ng4 10. Bg5 f6 11. Bc1 Qe7 12. h3 Nh6 13. Rb1 exd4 14. Nxd4 Nc5 15.
Bf1 a5 16. Bf4 Nf7 17. Bh2 Re8 18. Nb3 Nxb3 19. axb3 Be6 20. Qd2 Red8 21. Nd5
Bxd5 22. exd5 Qd7 23. Re6 c5 24. Rbe1 Ra6 25. Qe3 Rb6 26. Bg3 Ng5 27. Re7 Qc8
28. Bh4 Nf7 29. Re6 g5 30. Bg3 f5 31. Bd3 Rxb3 32. Qf3 f4 33. Bxh7+ Kxh7 34.
Qxb3 fxg3 35. Qxg3 Be5 36. Qd3+ Kg7 37. Qg6+ Kf8 38. Re3 Qd7 39. Rf3 Bf4 40. g3
Ne5 41. Rf6+ 1-0

[Event "I Festival ASDEC A"]
[Site "Messina ITA"]
[Date "2011.08.29"]
[Round "2"]
[White "Pinton, Maurizio"]
[Black "Levin, Felix"]
[WhiteElo "2016"]
[BlackElo "2475"]
[Result "0-1"]
[PlyCount "30"]
[EventDate "2011.08.28"]

1. d4 d5 2. e3 Nf6 3. Bd3 c5 4. c3 Qc7 5. Nd2 g6 6. dxc5 Nbd7 7. Qa4 Bg7 8.
Ngf3 O-O 9. e4 Nxc5 10. Qc2 Nxd3+ 11. Qxd3 dxe4 12. Nxe4 Nxe4 13. Qxe4 Bxc3+
14. Nd2 Bf5 15. Qf3 Qe5+ 0-1

[Event "I Festival ASDEC A"]
[Site "Messina ITA"]
[Date "2011.08.29"]
[Round "2"]
[White "Schiappoli, Dario"]
[Black "Tricomi, Massimo"]
[WhiteElo "1929"]
[BlackElo "1900"]
[Result "1-0"]
[PlyCount "103"]
[EventDate "2011.08.28"]

1. e4 c5 2. Nf3 e6 3. d4 cxd4 4. Nxd4 a6 5. Bd3 Nf6 6. O-O Qc7 7. Nc3 Be7 8. f4
d6 9. Qf3 Nbd7 10. g4 g6 11. g5 Nh5 12. Be3 b5 13. Qh3 Bb7 14. f5 e5 15. fxg6
hxg6 16. Nde2 Nc5 17. Qf3 O-O 18. Ng3 Nxg3 19. Qxg3 Kg7 20. Rf2 b4 21. Nd5 Bxd5
22. exd5 Nxd3 23. cxd3 Qa5 24. Qh3 Rh8 25. Rxf7+ Kxf7 26. Rf1+ Kg7 27. Qe6 Rhf8
28. Qxe7+ Kg8 29. Qe6+ Kg7 30. Rf6 Rxf6 31. gxf6+ Kh8 32. Qe7 Rg8 33. f7 Qxd5
34. fxg8=Q+ Kxg8 35. Qd8+ Kf7 36. Qc7+ Kf6 37. Qc4 Qf3 38. Qe4 Qd1+ 39. Kg2
Qe2+ 40. Kg3 Qxb2 41. Qh4+ Kf7 42. Qc4+ Kg7 43. Qc7+ Kg8 44. Qd8+ Kg7 45. Qe7+
Kg8 46. Qf6 Qxa2 47. Qxg6+ Kf8 48. Qxd6+ Kf7 49. Qxb4 Qe2 50. Qb7+ Ke8 51. Qc6+
Kf8 52. Qf3+ 1-0

[Event "I Festival ASDEC A"]
[Site "Messina ITA"]
[Date "2011.08.29"]
[Round "2"]
[White "Signorelli, Gaetano"]
[Black "Arito, Luigi"]
[WhiteElo "1897"]
[BlackElo "1883"]
[Result "0-1"]
[PlyCount "36"]
[EventDate "2011.08.28"]

1. e4 e5 2. Nf3 Nf6 3. Nc3 Bb4 4. Qe2 O-O 5. Qc4 Bxc3 6. bxc3 d6 7. Ba3 Nc6 8.
d3 a6 9. Qb3 Bd7 10. Be2 Rb8 11. Nd2 Be6 12. Qb2 Nd7 13. d4 exd4 14. cxd4 Qg5
15. d5 Bxd5 16. exd5 Qxd5 17. Nf3 Rfe8 18. Rd1 Rxe2+ 0-1

[Event "I Festival ASDEC A"]
[Site "Messina ITA"]
[Date "2011.08.29"]
[Round "2"]
[White "Trimarchi, Giuseppe"]
[Black "Spina, Simonpietro"]
[WhiteElo "1923"]
[BlackElo "1805"]
[Result "0-1"]
[PlyCount "98"]
[EventDate "2011.08.28"]

1. e4 d6 2. d4 Nf6 3. Nc3 g6 4. h3 Bg7 5. Nf3 b6 6. Be3 Bb7 7. Bd3 c5 8. d5 a6
9. a4 Qc7 10. Bc4 Nfd7 11. Qd2 h5 12. O-O Ne5 13. Nxe5 Bxe5 14. f4 Bg7 15. Qf2
Bh6 16. Rae1 Nd7 17. e5 O-O-O 18. e6 fxe6 19. dxe6 Nf6 20. Rd1 d5 21. Bxa6 Bxa6
22. Nb5 Bxb5 23. axb5 d4 24. Bd2 Qb7 25. Qe2 Ne4 26. Be1 Nd6 27. Rf3 Kc7 28.
Bg3 Rhf8 29. Re1 Rf5 30. c3 Bg7 31. Bf2 dxc3 32. bxc3 g5 33. Bg3 Bh6 34. c4
gxf4 35. Bf2 Bg7 36. Rd1 Qe4 37. Qxe4 Nxe4 38. Rfd3 Rxd3 39. Rxd3 Nxf2 40. Kxf2
Bd4+ 41. Kf3 Kd6 42. Ra3 Rf8 43. Ra6 Rb8 44. Kxf4 Kxe6 45. Kg5 Bf2 46. Kxh5 Kf5
47. g4+ Kf6 48. g5+ Kf5 49. Kh6 Bd4 0-1

[Event "I Festival ASDEC A"]
[Site "Messina ITA"]
[Date "2011.08.30"]
[Round "3"]
[White "Carbone, Stefano"]
[Black "Naumkin, Igor"]
[WhiteElo "1911"]
[BlackElo "2486"]
[Result "0-1"]
[PlyCount "128"]
[EventDate "2011.08.28"]

1. Nf3 Nf6 2. c4 b6 3. g3 Bb7 4. Bg2 e6 5. O-O Be7 6. Nc3 O-O 7. d4 Ne4 8. Nxe4
Bxe4 9. Ne5 Bxg2 10. Kxg2 d6 11. Nf3 Nd7 12. Qa4 c5 13. Rd1 Qc8 14. Be3 cxd4
15. Bxd4 Qb7 16. Rac1 a6 17. Qc2 Rfc8 18. Qd2 h6 19. Kg1 b5 20. cxb5 axb5 21.
Rxc8+ Qxc8 22. Rc1 Qe8 23. a3 e5 24. Bc3 Nf6 25. Bb4 Bf8 26. Qc2 Qe6 27. Qc6
Rb8 28. Ne1 e4 29. Kg2 Nd5 30. Ba5 Ne7 31. Qc2 Nf5 32. e3 h5 33. Qc7 Ra8 34.
Bb4 h4 35. Qc6 Rb8 36. Qc7 Re8 37. Qc6 h3+ 38. Kg1 Rb8 39. Qc7 Qe8 40. Qc6 g6
41. Qxe8 Rxe8 42. Rc7 Bg7 43. Bc3 d5 44. Bxg7 Kxg7 45. Nc2 Rd8 46. Kf1 d4 47.
Nxd4 Nxd4 48. exd4 Rxd4 49. Ke2 Rd3 50. Rc3 Rxc3 51. bxc3 Kf6 52. Kd2 Ke5 53.
c4 bxc4 54. a4 f5 55. a5 Kd5 56. a6 Kc6 57. a7 Kb7 58. Kc3 Kxa7 59. Kxc4 Kb6
60. Kd5 Kb5 61. g4 e3 62. fxe3 fxg4 63. e4 g3 64. e5 gxh2 0-1

[Event "I Festival ASDEC A"]
[Site "Messina ITA"]
[Date "2011.08.30"]
[Round "3"]
[White "Cattafi, Giuseppe"]
[Black "Drasko, Milan"]
[WhiteElo "2015"]
[BlackElo "2469"]
[Result "0-1"]
[PlyCount "52"]
[EventDate "2011.08.28"]

1. d4 e6 2. Bf4 Nf6 3. e3 b6 4. Nd2 Bb7 5. h3 Be7 6. Ngf3 O-O 7. c3 c5 8. Bd3
Nc6 9. O-O d6 10. Qe2 cxd4 11. exd4 Qd7 12. Ne4 Nd5 13. Bh2 h6 14. a3 f5 15.
Ned2 Rae8 16. c4 Nc7 17. c5 dxc5 18. Bxc7 Qxc7 19. Qxe6+ Kh8 20. Qg6 Qd7 21. d5
Qxd5 22. Bc4 Qd6 23. Qh5 Kh7 24. Rfe1 g6 25. Rxe7+ Qxe7 26. Qh4 Qxh4 0-1

[Event "I Festival ASDEC A"]
[Site "Messina ITA"]
[Date "2011.08.30"]
[Round "3"]
[White "Familari, Giuseppe"]
[Black "Arito, Luigi"]
[WhiteElo "1985"]
[BlackElo "1883"]
[Result "1/2-1/2"]
[PlyCount "141"]
[EventDate "2011.08.28"]

1. e4 e5 2. Bc4 Nf6 3. d3 d5 4. exd5 Nxd5 5. Nf3 Nc6 6. Ng5 f6 7. Nf3 Be6 8. c3
Qd7 9. b4 Nb6 10. Bxe6 Qxe6 11. O-O Rd8 12. Qe2 Be7 13. Re1 O-O 14. d4 Qc4 15.
Qb2 exd4 16. b5 dxc3 17. Nxc3 Bb4 18. Bd2 Rxd2 19. Nxd2 Qxc3 20. Qxc3 Bxc3 21.
bxc6 Bxa1 22. Rxa1 bxc6 23. Rc1 Rd8 24. Nb3 Kf7 25. Kf1 Ke6 26. Rxc6+ Kd7 27.
Rc1 Re8 28. Nc5+ Kc8 29. a4 a5 30. Na6 Re7 31. Nc5 Nd5 32. Nb3 Re4 33. Rc5 Nb6
34. Nxa5 Rxa4 35. Nc6 Kd7 36. Na5 Rb4 37. Rh5 h6 38. g3 Nc4 39. Rd5+ Ke6 40.
Rc5 Nxa5 41. Rxa5 c6 42. Ra7 g6 43. h4 h5 44. Rc7 Rc4 45. Ke2 Kf5 46. Kd3 Rc5
47. Rc8 Kg4 48. Ke3 Re5+ 49. Kd3 c5 50. Rc6 Kf5 51. f3 g5 52. hxg5 fxg5 53. Rh6
c4+ 54. Kd4 c3 55. Rc6 h4 56. gxh4 gxh4 57. Rxc3 Kf4 58. Rc8 Rf5 59. Rh8 Kg3
60. Ke4 Rf4+ 61. Ke3 Rxf3+ 62. Ke2 Rf7 63. Rg8+ Kh3 64. Rg5 Rf4 65. Rg6 Ra4 66.
Kf2 Ra2+ 67. Kf1 Kh2 68. Rg7 h3 69. Rg8 Kh1 70. Rg7 Rg2 71. Rh7 1/2-1/2

[Event "I Festival ASDEC A"]
[Site "Messina ITA"]
[Date "2011.08.30"]
[Round "3"]
[White "Panarello, Giuseppe"]
[Black "Schiappoli, Dario"]
[WhiteElo "1990"]
[BlackElo "1929"]
[Result "1/2-1/2"]
[PlyCount "126"]
[EventDate "2011.08.28"]

1. d4 Nf6 2. Nf3 c5 3. e3 b6 4. Nbd2 Bb7 5. Bd3 g6 6. b3 Bg7 7. Bb2 O-O 8. O-O
cxd4 9. exd4 Nc6 10. a3 Nd5 11. Re1 Nf4 12. Bf1 Ne6 13. Nc4 d5 14. Nce5 Nxe5
15. Nxe5 Ng5 16. f3 f6 17. Ng4 Qc7 18. Bc1 Nf7 19. Be3 e5 20. Qc1 f5 21. Nf2
exd4 22. Bf4 Qd7 23. Nd3 Rfe8 24. Qd2 Rac8 25. Rxe8+ Rxe8 26. Re1 Re7 27. Qb4
Rxe1 28. Qxe1 g5 29. Bg3 f4 30. Bf2 Kf8 31. a4 Bc6 32. Qb4+ Qd6 33. Bxd4 Qxb4
34. Bxg7+ Kxg7 35. Nxb4 Bb7 36. Bd3 Nd6 37. Kf2 h6 38. c3 Kf6 39. Nc2 Nf5 40.
Bxf5 Kxf5 41. Nd4+ Ke5 42. Nb5 Ba6 43. Nxa7 Kd6 44. Nb5+ Bxb5 45. axb5 Kc5 46.
Ke2 Kxb5 47. Kd3 Kc5 48. b4+ Kc6 49. Kd4 Kd6 50. c4 dxc4 51. Kxc4 Ke6 52. h4
b5+ 53. Kd4 Kd6 54. h5 Ke6 55. Kc5 Ke5 56. Kxb5 Kd4 57. Kc6 Ke3 58. Kd5 Kf2 59.
Ke4 Kxg2 60. b5 g4 61. b6 gxf3 62. b7 f2 63. b8=Q f1=Q 1/2-1/2

[Event "I Festival ASDEC A"]
[Site "Messina ITA"]
[Date "2011.08.30"]
[Round "3"]
[White "Pisacane, Pietro"]
[Black "Arico', Maurizio"]
[WhiteElo "1948"]
[BlackElo "1847"]
[Result "1-0"]
[PlyCount "49"]
[EventDate "2011.08.28"]

1. d4 e6 2. e4 d5 3. e5 c5 4. c3 Nc6 5. Nf3 Bd7 6. a3 f6 7. b4 cxd4 8. cxd4
fxe5 9. dxe5 Qc7 10. Bb2 Nh6 11. Bd3 Be7 12. Qc2 O-O-O 13. Nbd2 Kb8 14. Nb3 Rc8
15. Rc1 Qd8 16. Qd2 Ka8 17. b5 Nb8 18. O-O Qf8 19. Bd4 Nf5 20. Bxf5 Qxf5 21.
Qa5 Rc5 22. Rxc5 b6 23. Rc7 Nc6 24. Rxa7+ Nxa7 25. Bxb6 1-0

[Event "I Festival ASDEC A"]
[Site "Messina ITA"]
[Date "2011.08.30"]
[Round "3"]
[White "Scattareggia, Domenico"]
[Black "Gangemi, Salvatore"]
[WhiteElo "2018"]
[BlackElo "2065"]
[Result "1-0"]
[PlyCount "77"]
[EventDate "2011.08.28"]

1. e4 e6 2. d4 d5 3. exd5 exd5 4. Bd3 Nf6 5. Ne2 Bg4 6. O-O Bd6 7. h3 Bh5 8.
Re1 O-O 9. c3 c5 10. dxc5 Bxc5 11. b4 Bb6 12. Qc2 Re8 13. Bf4 Nc6 14. Nd2 Rc8
15. Qb2 d4 16. c4 Bxe2 17. Bxe2 d3 18. c5 Bc7 19. Bxc7 Rxc7 20. Bf1 Rce7 21.
Rxe7 Rxe7 22. Rd1 Nd5 23. a3 Nf4 24. Nf3 Qd5 25. Ne1 Ne5 26. Qd2 g5 27. g3 Nc4
28. Qc3 d2 29. gxf4 Rxe1 30. Rxe1 dxe1=Q 31. Qxe1 gxf4 32. Bxc4 Qxc4 33. Qe8+
Kg7 34. Qe5+ Kg6 35. h4 Qc1+ 36. Kh2 f3 37. Qe4+ Kh6 38. Qxb7 Qe1 39. Qxf3 1-0